Statistics for Top-Scoring White NBA Players

Click here to take the quiz!

General Stats

  • This quiz has been taken 34,181 times
    (20,063 since last reset)
  • The average score is 8 of 40

Answer Stats

Points Player % Correct
21,791Larry Bird
92%
31,560Dirk Nowitzki
77%
17,387Steve Nash
63%
19,711John Stockton
55%
25,192Jerry West
52%
17,335Kevin McHale
39%
16,960Bob Cousy
37%
26,395John Havlicek
36%
20,894Pau Gasol
34%
15,948Pete Maravich
31%
14,043Manu GinĂ³bili
29%
20,880Bob Pettit
26%
17,911Chris Mullin
22%
18,395Rick Barry
21%
13,790Bill Laimbeer
19%
13,398Vlade Divac
15%
13,647Peja Stojakovic
15%
13,516Dave Cowens
12%
20,049Tom Chambers
12%
15,659Jeff Hornacek
11%
15,761Detlef Schrempf
11%
12,871Rik Smits
11%
18,438Dolph Schayes
9%
14,053Jerry Lucas
8%
19,181Gail Goodrich
8%
14,053Dave DeBusschere
8%
17,287Jack Sikma
6%
13,626Billy Cunningham
6%
16,266Paul Arizin
6%
15,980Kiki Vandeweghe
4%
13,910Alvan Adams
4%
14,659Dan Issel
4%
13,383Rudy Tomjanovich
3%
14,676Richie Guerin
2%
15,840Jack Twyman
2%
14,232Tom Van Arsdale
2%
15,079Dick Van Arsdale
2%
17,770Bailey Howell
1%
13,017Jeff Mullins
1%
13,447Cliff Hagan
1%

Score Distribution

Percentile by Number Answered

Percent of People with Each Score

Your Score History

You have not taken this quiz since the last reset